|
|
|
|
| LEADER |
01218nam a2200301 a 4500 |
| 001 |
GR-MES2812 |
| 008 |
991111s1997 gr 000 0 gre d |
| 020 |
|
|
|a 9604057308
|
| 040 |
|
|
|a GrPaTEI
|b gre
|c GR-PaULI
|
| 245 |
0 |
0 |
|a Τεχνολογία μηχανουργικών υλικών.
|
| 250 |
|
|
|a 2η
|
| 260 |
|
|
|a Αθήνα :
|b Ιων,
|c 1997
|
| 300 |
|
|
|a 307σελ. :
|b σχημ.,πιν.
|
| 650 |
|
4 |
|a ΚΕΡΑΜΙΚΑ
|
| 650 |
|
4 |
|a Μέταλλα
|
| 650 |
|
4 |
|a Μηχανολογία
|
| 650 |
|
4 |
|a ΜΗΧΑΝΟΥΡΓΙΚΑ ΥΛΙΚΑ
|
| 650 |
|
4 |
|a ΠΛΑΣΤΙΚΑ
|
| 650 |
|
4 |
|a Σίδηρος
|
| 650 |
|
4 |
|a Τεχνολογία
|
| 650 |
|
4 |
|a ΧΑΛΥΒΑΣ
|
| 700 |
1 |
|
|a Βελαώρας, Ι.
|
| 710 |
0 |
|
|a Ιων
|
| 942 |
|
|
|2 ddc
|
| 952 |
|
|
|0 0
|1 0
|2 ddc
|4 0
|6 621_800000000000000_ΒΕΛ
|7 0
|9 267245
|a MSLG
|b MSLG
|c BSC
|d 2021-01-17
|e 24
|f 0
|g 0.00
|l 0
|o 621.8 ΒΕΛ
|p 2420000007169
|r 2021-01-17 00:00:00
|t 1
|w 2021-01-17
|y BK15
|x 19991111 0 1
|x GrPaTEI
|
| 952 |
|
|
|0 0
|1 0
|2 ddc
|4 0
|6 621_800000000000000_ΒΕΛ
|7 0
|9 267246
|a MSLG
|b MSLG
|c BSC
|d 2021-01-17
|e 24
|f 0
|g 0.00
|l 0
|o 621.8 ΒΕΛ
|p 2420000009066
|r 2021-01-17 00:00:00
|t 1
|w 2021-01-17
|y BK15
|x 19991111 0 1
|x GrPaTEI
|
| 971 |
|
|
|a .b25738574
|b 16-04-20
|c 13-09-16
|
| 999 |
|
|
|c 153850
|d 153850
|